000 00359 a2200157 4500
001 75385
020 _a9788520926956
040 _cAnchieta - Colégio São Paulo
100 _aAyla, Walmir
240 1 0 _aO canário e o manequim
_lpor
245 1 0 _aO canário e o manequim
300 _a47
362 0 _a2013
650 4 _aLiteratura infantil
942 _cBK
999 _c75385
_d75385